| 000 | 00677nab a2200205 a 4500 | ||
|---|---|---|---|
| 005 | 20210223132206.0 | ||
| 008 | 991125s1985 mx 000 0 spa u | ||
| 035 | _aUPN01000193317 | ||
| 100 | 1 |
_aD'Amore, Bruno, _d1946- _934756 |
|
| 222 | _aEDUCACION MATEMATICA | ||
| 245 | _aAnálisis de situaciones de aula en el contexto de la práctica de investigación : un punto de vista semiótico | ||
| 260 | _aMéxico | ||
| 300 | _a121-149 | ||
| 362 | 0 | _a2012 Vol. 24, no. 3, dic. | |
| 653 | 0 | _aSITUACIONES DE AULA | |
| 653 | 0 | _aREPRESENTACIONES SEMIOTICAS | |
| 653 | 0 | _aFIGURAS GEOMETRICAS | |
| 700 | 1 |
_aFandiño Pinilla, Martha Isabel, _ecoaut. _934161 |
|
| 905 | _aArticulo | ||
| 999 |
_c165418 _d165418 |
||